000 00534nam a2200181Ia 4500
008 090123s9999 xx 000 0 und d
082 _b2951
100 _aमिरासदार द.मा.
245 _aगाणारा मुलुख
250 _a1
260 _bकल्पना
300 _a24
600 _aमिरासदार द.मा.
630 _aगाणारा मुलुख
700 _aमिरासदार द.मा.
730 _aगाणारा मुलुख
942 _cBOOK
999 _c41034
_d41034